[Event "GRE-chT 45th"]
[Site "Achaia"]
[Date "2017.07.03"]
[Round "1.9"]
[White "Petraki, Argiro"]
[Black "Zacharia, Aikaterini Eirini"]
[Result "1-0"]
[WhiteElo "1633"]
[BlackElo "1230"]
[PlyCount "67"]
[EventDate "2017.07.03"]
[EventType "team-swiss"]
[EventRounds "7"]
[EventCountry "GRE"]
[SourceTitle "CBM 179 Extra"]
[Source "ChessBase"]
[SourceDate "2017.08.23"]
[SourceVersion "1"]
[SourceVersionDate "2017.08.23"]
[SourceQuality "1"]
[WhiteTeam "Chania Kaissa"]
[BlackTeam "Rhodes Knight"]
[WhiteTeamCountry "GRE"]
[BlackTeamCountry "GRE"]

1. e4 e5 2. Nf3 Nc6 3. d4 exd4 4. Nxd4 Bc5 5. Nb3 Bb6 6. Nc3 Nf6 7. Qe2 0-0 8. Be3 Re8 9. f3 d6 10. 0-0-0 Be6 11. g4 a5 12. Bxb6 cxb6 13. a4 Bxb3 14. cxb3 h6 15. h4 h5 16. g5 Nh7 17. Nb5 Re6 18. Bh3 Rg6 19. Bf5 Nb4 20. Bxg6 Rc8+ 21. Kb1 Rc2 22. Bxh7+ Kxh7 23. Qxc2 Nxc2 24. Kxc2 Qc8+ 25. Kb1 Qc5 26. Nxd6 Qe3 27. Ka2 Qxf3 28. Rdf1 Qd3 29. Rd1 Qf3 30. Rhf1 Qe2 31. Nxf7 Qxe4 32. g6+ Qxg6 33. Ng5+ Kh6 34. Rd6 1-0